000
00324nam a2200145Ia 4500
003
OSt
008
191201s1982 xx 000 0 und d
082
_a
621.3
_b
VAL
100
_a
VAN VALKENBURG, M.E
245
0
_a
Linear Circuits
260
_a
New Delhi
_b
PHI
_c
1982
300
_a
427
650
_a
B.Tech(ECE)
942
_2
ddc
_c
BK
999
_c
428
_d
428